000 00478nam a2200169Ia 4500
008 090201s9999 xx 000 0 und d
010 _aKPL-48506
040 _bमराठी
041 _aमराठी
082 _a35841
_b48506
100 _aमंगला गोडबोले
245 _aसोबत
_cमंगला गोडबोले
260 _c2004
_bअर्चना
300 _a216
_bमोठा
600 _aसोबत
942 _cBOOK
999 _c233884
_d233884